[Event "Guernsey Open 2013"]
[Site "Guernsey GCI"]
[Date "2013.10.25"]
[Round "6"]
[White "Kraft, Karl H"]
[Black "Joualt, Louis"]
[Result "1/2-1/2"]
[WhiteElo "2023"]
[BlackElo "1917"]
[PlyCount "140"]
[EventDate "2013.10.20"]
[EventType "swiss"]
[EventRounds "7"]

1. e4 e5 2. Nc3 Nf6 3. Nf3 Nc6 4. d4 exd4 5. Nd5 Be7 6. Bc4 O-O 7. O-O d6 8.
Nxd4 Ne5 9. Bb3 c6 10. Nxe7+ Qxe7 11. Bg5 h6 12. Bxf6 Qxf6 13. f4 Ng6 14. Qd2
d5 15. exd5 Rd8 16. c3 cxd5 17. Bc2 Ne7 18. Rfe1 Nc6 19. Rad1 Bg4 20. Rc1 Nxd4
21. Qxd4 Qxd4+ 22. cxd4 Bd7 23. Bb3 Bc6 24. Re7 Kf8 25. Rce1 Re8 26. Rxe8+ Rxe8
27. Rxe8+ Kxe8 28. Kf2 Ke7 29. Ke3 Kf6 30. Bd1 Ke6 31. Bg4+ f5 32. Bf3 g5 33.
fxg5 hxg5 34. g3 Kd6 35. h4 gxh4 36. gxh4 Ke6 37. Kf4 Kf6 38. h5 b6 39. h6 Bd7
40. h7 Kg7 41. h8=Q+ Kxh8 42. Bxd5 Kg7 43. Ke5 Kf8 44. Bc4 Ke7 45. Bd3 f4 46.
Kxf4 Kd6 47. Be4 a5 48. Ke3 Be6 49. a3 Bc4 50. Kd2 Bf1 51. Kc3 Ba6 52. Bd3 Bb7
53. Bc4 Bf3 54. b4 axb4+ 55. Kxb4 Bc6 56. Bf7 Bd7 57. Bb3 Kc7 58. Ba4 Bg4 59.
Be8 Be2 60. Bf7 Ba6 61. Bc4 Bc8 62. Kb5 Bd7+ 63. Ka6 Bc8+ 64. Ka7 Bd7 65. Bf7
Bc8 66. d5 Bd7 67. Bh5 Ba4 68. d6+ Kxd6 69. Kxb6 Bc6 70. Be2 Ba4 1/2-1/2

[Event "Guernsey Open 2013"]
[Site "Guernsey GCI"]
[Date "2013.10.25"]
[Round "6"]
[White "Schmitz, Manuela"]
[Black "Thurlow, Kevin J"]
[Result "1/2-1/2"]
[WhiteElo "2002"]
[BlackElo "2016"]
[PlyCount "77"]
[EventDate "2013.10.20"]
[EventType "swiss"]
[EventRounds "7"]

1. d4 Nf6 2. Nf3 e6 3. c4 b6 4. e3 Bb7 5. Bd3 Be7 6. O-O O-O 7. Nc3 d5 8. b3
Nbd7 9. Bb2 Ne4 10. Rc1 f5 11. Ne5 Rf6 12. f3 Nxc3 13. Rxc3 Nxe5 14. dxe5 Rg6
15. cxd5 Bc5 16. Qe2 Bxd5 17. Bc4 f4 18. Bc1 Bxc4 19. Rxc4 Qg5 20. b4 Bxe3+ 21.
Bxe3 fxe3 22. f4 Qe7 23. Qxe3 a5 24. b5 Rd8 25. Rd4 Rd5 26. Rxd5 exd5 27. Rd1
Qb4 28. Rxd5 Qb1+ 29. Kf2 Qxa2+ 30. Rd2 Qc4 31. Rd8+ Kf7 32. Rd7+ Ke8 33. Qd2
Rd6 34. Rxd6 cxd6 35. Qxd6 Qxf4+ 36. Ke1 Qe3+ 37. Kf1 Qf4+ 38. Ke1 Qe3+ 39. Kf1
1/2-1/2

[Event "Guernsey Open 2013"]
[Site "Guernsey GCI"]
[Date "2013.10.25"]
[Round "6"]
[White "Magnussen, Pal"]
[Black "Prins, Jan"]
[Result "0-1"]
[WhiteElo "1926"]
[BlackElo "2064"]
[PlyCount "106"]
[EventDate "2013.10.20"]
[EventType "swiss"]
[EventRounds "7"]

1. e4 c6 2. d4 d5 3. e5 Bf5 4. Nf3 e6 5. Bd3 Ne7 6. Nc3 Nd7 7. O-O Bxd3 8. Qxd3
Ng6 9. Re1 b5 10. Ne2 Be7 11. a4 b4 12. a5 O-O 13. c4 dxc4 14. Qxc4 c5 15. Nf4
cxd4 16. Nxg6 hxg6 17. Qxd4 Nc5 18. Be3 Nb3 19. Qxd8 Rfxd8 20. Rad1 Nxa5 21.
Ra1 Nc4 22. Rxa7 Rxa7 23. Bxa7 Nxb2 24. g4 Rd3 25. Kg2 Nd1 26. Nd4 Bh4 27. Nb3
Nxf2 28. Bxf2 Bxf2 29. Kxf2 Rxb3 30. Rc1 g5 31. Rc8+ Kh7 32. Rb8 Kg6 33. Rb6
Rb1 34. Kg2 b3 35. Kf2 b2 36. Kg2 Kh6 37. Kh3 Kg6 38. Kg2 f6 39. exf6 gxf6 40.
Kh3 Kf7 41. Rb7+ Ke8 42. Kg2 Kd8 43. Kh3 Kc8 44. Rb3 Kc7 45. Kg2 Kc6 46. Kh3 f5
47. gxf5 exf5 48. Rc3+ Kd5 49. Rb3 f4 50. Rb5+ Kc4 51. Rb8 g4+ 52. Kg2 f3+ 53.
Kf2 Rh1 0-1

[Event "Guernsey Open 2013"]
[Site "Guernsey GCI"]
[Date "2013.10.25"]
[Round "6"]
[White "Goris, Ton"]
[Black "Canonne, Antoine"]
[Result "1/2-1/2"]
[WhiteElo "2031"]
[BlackElo "1970"]
[PlyCount "42"]
[EventDate "2013.10.20"]
[EventType "swiss"]
[EventRounds "7"]

1. e4 c5 2. c3 d5 3. exd5 Qxd5 4. d4 Nf6 5. Nf3 Bg4 6. dxc5 Qxc5 7. Be3 Qc7 8.
Be2 e5 9. h3 Bh5 10. O-O Be7 11. Na3 a6 12. Qb3 Nbd7 13. Rfe1 O-O 14. Rad1 Rfe8
15. Ng5 Nc5 16. Qc4 b5 17. Qh4 Bg6 18. Qg3 Nce4 19. Nxe4 Nxe4 20. Qf3 Bxa3 21.
bxa3 Nxc3 1/2-1/2

[Event "Guernsey Open 2013"]
[Site "Guernsey GCI"]
[Date "2013.10.25"]
[Round "6"]
[White "Hickman, John"]
[Black "De Kruif, Kees"]
[Result "1-0"]
[WhiteElo "1986"]
[BlackElo "1930"]
[PlyCount "59"]
[EventDate "2013.10.20"]
[EventType "swiss"]
[EventRounds "7"]

1. e4 c5 2. Nf3 d6 3. d4 cxd4 4. Nxd4 Nf6 5. Nc3 a6 6. Be3 e6 7. f3 Be7 8. Qd2
O-O 9. O-O-O b5 10. g4 Qa5 11. Kb1 Rd8 12. Bd3 Bb7 13. h4 b4 14. Nce2 Nbd7 15.
h5 d5 16. g5 Nxe4 17. fxe4 dxe4 18. Bc4 Ne5 19. Bb3 Nf3 20. Qc1 Nxg5 21. h6 g6
22. Rhg1 Nf3 23. Nxf3 exf3 24. Nf4 Qf5 25. Bc4 e5 26. Nd5 Bh4 27. Bg5 f2 28.
Ne7+ Kf8 29. Nxf5 fxg1=Q 30. Rxg1 1-0

[Event "Guernsey Open 2013"]
[Site "Guernsey GCI"]
[Date "2013.10.25"]
[Round "6"]
[White "Casiot, David"]
[Black "Ippel, Cornelius J"]
[Result "0-1"]
[WhiteElo "1979"]
[BlackElo "1916"]
[PlyCount "88"]
[EventDate "2013.10.20"]
[EventType "swiss"]
[EventRounds "7"]

1. e4 e6 2. d4 d5 3. Nc3 Bb4 4. e5 c5 5. a3 Ba5 6. Nf3 Nc6 7. Bb5 cxd4 8. Nxd4
Bd7 9. Bxc6 bxc6 10. O-O Bxc3 11. bxc3 Ne7 12. Bg5 h6 13. Bd2 c5 14. Nb3 Qc7
15. Re1 Ba4 16. Qg4 Bxb3 17. cxb3 Rh7 18. c4 Rd8 19. Rad1 d4 20. b4 Nf5 21. Qe4
g6 22. bxc5 Qxc5 23. Bb4 Qxc4 24. Rc1 Qd5 25. Qd3 Qd7 26. g4 Nh4 27. Bd6 Qb7
28. Re4 Rc8 29. Rxc8+ Qxc8 30. Qb5+ Qd7 31. Qb8+ Qd8 32. Qxa7 f5 33. Qxh7 fxe4
34. Qxh6 Kd7 35. h3 d3 36. Qe3 d2 37. Qa7+ Ke8 38. Qa4+ Kf7 39. Kf1 Nf3 40. Qd1
Qc8 41. Ke2 Qc4+ 42. Ke3 g5 43. Qb1 Qd3+ 44. Qxd3 exd3 0-1

[Event "Guernsey Open 2013"]
[Site "Guernsey GCI"]
[Date "2013.10.25"]
[Round "6"]
[White "Sikkel, Dirk"]
[Black "Rowe, Peter"]
[Result "1/2-1/2"]
[WhiteElo "1923"]
[BlackElo "1971"]
[PlyCount "158"]
[EventDate "2013.10.20"]
[EventType "swiss"]
[EventRounds "7"]

1. e4 d6 2. d4 Nf6 3. Nc3 Nbd7 4. Be3 e5 5. h3 c6 6. Nf3 b5 7. a3 Be7 8. Bd3
Qc7 9. O-O Bb7 10. Ne2 a6 11. Ng3 exd4 12. Nxd4 O-O 13. Ndf5 Ne5 14. f4 Nxd3
15. cxd3 c5 16. Qc2 Rfc8 17. Rac1 Bf8 18. Qc3 Qd7 19. Qe1 g6 20. Nh4 Bg7 21.
Bd2 Re8 22. Bc3 d5 23. e5 d4 24. Bd2 Qd5 25. Qf2 Nd7 26. Nf3 f5 27. exf6 Nxf6
28. f5 Rf8 29. fxg6 hxg6 30. Rfe1 Rae8 31. Rxe8 Rxe8 32. Nh4 Nh5 33. Nxh5 Qxh5
34. Qg3 Kh7 35. Rf1 Re7 36. Nf3 Bxf3 37. Rxf3 c4 38. Bg5 Be5 39. Bf4 c3 40.
bxc3 dxc3 41. Bxe5 Rxe5 42. Rf7+ Kh6 43. Qf4+ Qg5 44. Qxg5+ Kxg5 45. Rc7 Kf4
46. Kf2 Rd5 47. Rxc3 a5 48. g3+ Ke5 49. Ke3 g5 50. Rb3 Kf5 51. d4 Ke6 52. Ke4
a4 53. Rf3 g4 54. hxg4 Rg5 55. Rf4 b4 56. axb4 a3 57. d5+ Rxd5 58. Rf3 Rb5 59.
Rxa3 Rxb4+ 60. Kf3 Kf6 61. Ra5 Kg6 62. Rf5 Ra4 63. Re5 Ra6 64. g5 Ra4 65. g4
Ra6 66. Kf4 Ra4+ 67. Kg3 Ra6 68. Kh4 Rb6 69. Re8 Rb1 70. Re6+ Kg7 71. g6 Rb5
72. g5 Rb4+ 73. Kh5 Rb7 74. Rf6 Rb1 75. Rf7+ Kg8 76. Ra7 Rh1+ 77. Kg4 Rg1+ 78.
Kf4 Rf1+ 79. Ke3 Rf5 1/2-1/2

[Event "Guernsey Open 2013"]
[Site "Guernsey GCI"]
[Date "2013.10.25"]
[Round "6"]
[White "Lewicki, Pawel"]
[Black "Morcom, Huw"]
[Result "0-1"]
[WhiteElo "1875"]
[BlackElo "1976"]
[PlyCount "76"]
[EventDate "2013.10.20"]
[EventType "swiss"]
[EventRounds "7"]

1. d4 g6 2. e4 Bg7 3. Nc3 b6 4. Be3 Bb7 5. Qd2 d6 6. h4 h5 7. Nh3 Nd7 8. Ng5
Nh6 9. f3 e6 10. Be2 a6 11. g4 hxg4 12. fxg4 Qe7 13. O-O-O O-O-O 14. Bf3 f6 15.
Nh3 e5 16. d5 Nf7 17. Nf2 f5 18. exf5 gxf5 19. gxf5 Rxh4 20. Rxh4 Qxh4 21. Nce4
Bh6 22. Rh1 Bxe3 23. Qxe3 Qf4 24. Qxf4 exf4 25. Rh4 Nde5 26. Rxf4 Nxf3 27. Rxf3
Bxd5 28. Rf4 Rf8 29. b3 Ne5 30. Kd2 Bg8 31. Nd3 Bh7 32. Ng5 Bxf5 33. Ne6 Nxd3
34. cxd3 Rf7 35. Nd4 Bg6 36. Rg4 Bh7 37. Kc3 Kb7 38. Rg3 a5 0-1

[Event "Guernsey Open 2013"]
[Site "Guernsey GCI"]
[Date "2013.10.25"]
[Round "6"]
[White "Burton, Ronnie"]
[Black "Brookfield, Toby"]
[Result "1-0"]
[WhiteElo "1993"]
[BlackElo "1892"]
[PlyCount "61"]
[EventDate "2013.10.20"]
[EventType "swiss"]
[EventRounds "7"]

1. e4 c5 2. d3 d6 3. f4 Nc6 4. Nf3 g6 5. Be2 Bg7 6. O-O e6 7. Kh1 Nge7 8. c3
O-O 9. Be3 b6 10. d4 cxd4 11. cxd4 d5 12. e5 Nf5 13. Bf2 Bb7 14. Nc3 Rc8 15. g4
Nfe7 16. Nb5 Ba8 17. Bg3 Nb4 18. Qb3 Nbc6 19. Rac1 Na5 20. Qd3 Nc4 21. b3 a6
22. Nc3 Nc6 23. bxc4 dxc4 24. Qe3 Nxd4 25. Rfd1 Nxe2 26. Rxd8 Rfxd8 27. Qxe2
Rd3 28. Ne4 Bf8 29. Kg2 b5 30. Nf6+ Kh8 31. Qxd3 1-0

[Event "Guernsey Open 2013"]
[Site "Guernsey GCI"]
[Date "2013.10.25"]
[Round "6"]
[White "Dennis, Nigel"]
[Black "Fassaert, Desire JM"]
[Result "1-0"]
[WhiteElo "1845"]
[BlackElo "1919"]
[PlyCount "127"]
[EventDate "2013.10.20"]
[EventType "swiss"]
[EventRounds "7"]

1. e4 c6 2. d4 d5 3. exd5 cxd5 4. c4 Nf6 5. Nc3 e6 6. Bg5 Be7 7. Nf3 O-O 8. c5
h6 9. Bf4 b6 10. b4 a5 11. a3 axb4 12. axb4 Rxa1 13. Qxa1 bxc5 14. bxc5 Nc6 15.
Bb5 Bb7 16. O-O Nh5 17. Bxc6 Bxc6 18. Ne5 Nxf4 19. Nxc6 Qc7 20. Nxe7+ Qxe7 21.
g3 Qg5 22. Kh1 Ng6 23. f4 Qf5 24. Qb1 Qf6 25. Qd3 h5 26. f5 Ne7 27. fxe6 Qxe6
28. Qe2 Qh3 29. Qg2 Qd7 30. Qf3 g6 31. Kg2 Kg7 32. Qf6+ Kh7 33. Re1 Nf5 34. Qe5
f6 35. Qxd5 Qxd5+ 36. Nxd5 Nxd4 37. Ne7 Re8 38. Kf2 Nb5 39. Nd5 Rxe1 40. Kxe1
Kg7 41. c6 f5 42. c7 Nd6 43. Nb6 Kf6 44. c8=Q Nxc8 45. Nxc8 Kg5 46. Kf2 f4 47.
Ne7 fxg3+ 48. Kxg3 Kf6 49. Nd5+ Kf5 50. Kh4 Ke5 51. Ne3 Ke4 52. Nf1 Kf5 53. Kg3
g5 54. Nd2 h4+ 55. Kg2 g4 56. Kf1 Kf4 57. Ke2 g3 58. h3 Kg5 59. Kf3 Kf5 60. Nc4
Kg5 61. Ne3 Kh5 62. Ng2 Kg5 63. Ke4 Kh5 64. Kf5 1-0

[Event "Guernsey Open 2013"]
[Site "Guernsey GCI"]
[Date "2013.10.25"]
[Round "6"]
[White "Murray, Steve"]
[Black "Goris Schouwstra, Adry"]
[Result "1-0"]
[WhiteElo "1844"]
[BlackElo "1903"]
[PlyCount "109"]
[EventDate "2013.10.20"]
[EventType "swiss"]
[EventRounds "7"]

1. e4 e6 2. d4 d5 3. Nd2 c5 4. exd5 Qxd5 5. Ngf3 cxd4 6. Bc4 Qd8 7. O-O Nc6 8.
Nb3 Be7 9. Nbxd4 Nxd4 10. Nxd4 Bd7 11. Bb3 Nf6 12. c3 O-O 13. Bg5 e5 14. Nf3
Qc7 15. Qe2 Bg4 16. h3 Bxf3 17. Qxf3 e4 18. Qe3 Qc6 19. Rfe1 Rfe8 20. Rad1 Bc5
21. Qe2 Rad8 22. Qc4 Qc7 23. Rxd8 Rxd8 24. Bxf6 gxf6 25. Qxe4 Qb6 26. Re2 Qa6
27. g3 Qd3 28. Qxd3 Rxd3 29. Kg2 a5 30. Bc4 Rd8 31. f4 Rd1 32. Bb3 Rd8 33. Kf3
Rd3+ 34. Kg4 f5+ 35. Kxf5 Rxg3 36. Re5 b6 37. h4 Rg7 38. Re8+ Bf8 39. Rb8 Rg2
40. Rxb6 Kg7 41. Rb7 Kh6 42. Rxf7 Bg7 43. Rb7 Kh5 44. Bd5 Rg3 45. Ra7 Kxh4 46.
Rxa5 Rg6 47. Ra7 Rg4 48. Rf7 Kg3 49. Ke4 Bh6 50. Rxh7 Rxf4+ 51. Kd3 Rf6 52. b4
Bf4 53. a4 Bd6 54. a5 Be5 55. b5 1-0

[Event "Guernsey Open 2013"]
[Site "Guernsey GCI"]
[Date "2013.10.25"]
[Round "6"]
[White "Reutimann, Hans Peter"]
[Black "Kuenstler, Siegfried"]
[Result "1/2-1/2"]
[WhiteElo "1830"]
[BlackElo "1885"]
[PlyCount "55"]
[EventDate "2013.10.20"]
[EventType "swiss"]
[EventRounds "7"]

1. d4 f5 2. Nf3 Nf6 3. Bf4 e6 4. e3 b6 5. Nbd2 Bb7 6. c3 Be7 7. Bd3 O-O 8. Qb3
Ne4 9. Qc2 d5 10. Nf1 Nd7 11. Ne5 c5 12. Bxe4 fxe4 13. dxc5 Nxc5 14. Nd2 Rc8
15. O-O Ba6 16. c4 Bf6 17. Rfd1 Bxe5 18. Bxe5 Nd3 19. Bg3 Qf6 20. Qa4 Bxc4 21.
Nxc4 Rxc4 22. Qxa7 Rc2 23. Qxb6 Rxf2 24. Bxf2 Qxf2+ 25. Kh1 Qf6 26. Kg1 Qf2+
27. Kh1 Qf5 28. Kg1 1/2-1/2

[Event "Guernsey Open 2013"]
[Site "Guernsey GCI"]
[Date "2013.10.25"]
[Round "6"]
[White "Hawkins, J Nick"]
[Black "Gravett, Alan D"]
[Result "0-1"]
[WhiteElo "1981"]
[BlackElo "1868"]
[PlyCount "102"]
[EventDate "2013.10.20"]
[EventType "swiss"]
[EventRounds "7"]

1. d4 Nf6 2. Nf3 c5 3. c3 cxd4 4. cxd4 d5 5. Nc3 g6 6. Bf4 Bg7 7. e3 O-O 8. h3
Nc6 9. Be2 Qb6 10. b3 Qa5 11. Qd2 Bf5 12. O-O Qb4 13. Rac1 Rac8 14. Rfd1 Ne4
15. Nxe4 dxe4 16. Rc4 exf3 17. Rxb4 fxe2 18. Re1 Nxb4 19. Qxb4 Rc2 20. f3 Bd3
21. Qxe7 Rfc8 22. Kf2 Bf8 23. Qxb7 a5 24. d5 Bb4 25. Rxe2 Bxe2 26. Kg3 Be1+ 27.
Kg4 Bd3 28. g3 Bf5+ 29. Kg5 Bc3 30. e4 h6+ 31. Kxh6 Bg7+ 32. Kg5 f6+ 33. Kh4
g5+ 34. Bxg5 fxg5+ 35. Kxg5 R2c7 36. Qb6 Bh7 37. h4 Bc3 38. Kh6 Kh8 39. Qe6 Bg8
40. Qf5 Rf8 41. Qxf8 Bg7+ 42. Qxg7+ Rxg7 43. g4 Rf7 44. g5 Rxf3 45. g6 Bxd5 46.
exd5 Rd3 47. Kg5 Kg7 48. Kf5 Rxd5+ 49. Ke6 Rh5 50. Kd6 Rxh4 51. Kc5 Rb4 0-1

[Event "Guernsey Open 2013"]
[Site "Guernsey GCI"]
[Date "2013.10.25"]
[Round "6"]
[White "Kirk, Matthew"]
[Black "Daly, Patrick"]
[Result "0-1"]
[WhiteElo "1740"]
[BlackElo "1865"]
[PlyCount "62"]
[EventDate "2013.10.20"]
[EventType "swiss"]
[EventRounds "7"]

1. d4 Nf6 2. c4 c5 3. d5 b5 4. cxb5 a6 5. b6 d6 6. Nc3 g6 7. e4 Bg7 8. Nf3 Nbd7
9. Be2 Qxb6 10. O-O O-O 11. Rb1 a5 12. Bf4 Ba6 13. Bxa6 Qxa6 14. Qd2 Rfb8 15.
Rfe1 Ng4 16. h3 Nge5 17. Nxe5 Nxe5 18. Bxe5 Bxe5 19. f4 Bg7 20. e5 Rb4 21. a4
Rab8 22. g3 Rd4 23. Qc2 Rbb4 24. b3 Qd3 25. Qxd3 Rxd3 26. exd6 exd6 27. Re8+
Bf8 28. Ne4 Kg7 29. Kf2 Rxd5 30. Ke3 c4 31. Nc3 Rd3+ 0-1

[Event "Guernsey Open 2013"]
[Site "Guernsey GCI"]
[Date "2013.10.25"]
[Round "6"]
[White "Bakker, Joop"]
[Black "Cummins, John"]
[Result "1-0"]
[WhiteElo "1971"]
[BlackElo "1844"]
[PlyCount "125"]
[EventDate "2013.10.20"]
[EventType "swiss"]
[EventRounds "7"]

1. b3 Nc6 2. Bb2 e5 3. e3 Nf6 4. Bb5 Be7 5. Bxc6 bxc6 6. Bxe5 d6 7. Bb2 Ba6 8.
d3 O-O 9. Nf3 Qd7 10. O-O Rfe8 11. c4 c5 12. Nc3 c6 13. Re1 Bf8 14. d4 cxd4 15.
Qxd4 Bb7 16. Rad1 c5 17. Qf4 Nh5 18. Qh4 Bxf3 19. gxf3 Nf6 20. Nd5 Nxd5 21.
Rxd5 Re6 22. Kh1 Rg6 23. Rg1 Re8 24. Rxg6 fxg6 25. Qf4 Qc7 26. Bc3 Qb6 27. e4
a5 28. e5 a4 29. exd6 axb3 30. d7 Rd8 31. axb3 Be7 32. Be5 Qc6 33. Qe4 Rxd7 34.
Rxd7 Qxd7 35. Qd5+ Qxd5 36. cxd5 Kf7 37. f4 Bd8 38. Kg2 Bf6 39. Kf3 Bd8 40. Ke4
h5 41. Bd6 Bb6 42. Ke5 Ba7 43. Bc7 c4 44. bxc4 Bxf2 45. Bd6 Bg1 46. h3 g5 47.
Kf5 gxf4 48. Bxf4 Bc5 49. Ke4 g6 50. Be3 Bd6 51. c5 Bc7 52. Bf4 Ba5 53. Ke5 Bd8
54. d6 g5 55. Bg3 Ba5 56. Kf5 g4 57. h4 Ke8 58. Kg6 Kd7 59. Kxh5 Bb4 60. Bf2 g3
61. Bxg3 Bxc5 62. Kg6 Bd4 63. Kf7 1-0

[Event "Guernsey Open 2013"]
[Site "Guernsey GCI"]
[Date "2013.10.26"]
[Round "7"]
[White "Hebden, Mark"]
[Black "Lenier, Jude"]
[Result "1-0"]
[WhiteElo "2548"]
[BlackElo "2121"]
[PlyCount "71"]
[EventDate "2013.10.20"]
[EventType "swiss"]
[EventRounds "7"]

1. d4 Nf6 2. Nf3 e6 3. c3 b6 4. Bg5 Bb7 5. Nbd2 d5 6. e3 Be7 7. Bd3 Nbd7 8. O-O
h6 9. Bf4 O-O 10. Ne5 Ne4 11. Nxd7 Qxd7 12. Nf3 Bd6 13. Ne5 Bxe5 14. dxe5 Nc5
15. Bc2 Ba6 16. Re1 Qe7 17. Qd4 Nd3 18. Reb1 c5 19. Qa4 Bc4 20. Bg3 a5 21. Bd1
Ne1 22. Bg4 Qg5 23. Bxe6 Nxg2 24. Bh3 Nh4 25. Qd1 d4 26. f4 Qd8 27. Qh5 Ng6 28.
exd4 cxd4 29. Rd1 d3 30. f5 Ne7 31. Rd2 Qd5 32. Re1 Rae8 33. Bg2 Qd7 34. Be4
Nc6 35. f6 Qe6 36. Bf4 1-0

[Event "Guernsey Open 2013"]
[Site "Guernsey GCI"]
[Date "2013.10.26"]
[Round "7"]
[White "Houska, Jovanka"]
[Black "Prakken, Gerrit"]
[Result "1-0"]
[WhiteElo "2401"]
[BlackElo "2195"]
[PlyCount "101"]
[EventDate "2013.10.20"]
[EventType "swiss"]
[EventRounds "7"]

1. d4 d5 2. Nf3 c6 3. Bf4 Bf5 4. e3 e6 5. Nbd2 h6 6. c4 Nf6 7. Be2 Nbd7 8. h3
Be7 9. O-O O-O 10. Qb3 Qc8 11. Rac1 Ne4 12. Nxe4 Bxe4 13. Ne1 dxc4 14. Qxc4 Nb6
15. Qb3 Nd5 16. Bh2 a5 17. a3 a4 18. Qd1 b6 19. Nd3 Qb7 20. Qd2 Rfd8 21. f3 Bg5
22. Nf4 Bh7 23. Nxd5 exd5 24. Be5 Be7 25. Bb5 Rdc8 26. Bd3 Bxd3 27. Qxd3 Qd7
28. Rfd1 Bf8 29. Bg3 Qe6 30. e4 c5 31. dxc5 Bxc5+ 32. Kh2 dxe4 33. fxe4 Rd8 34.
Qxd8+ Rxd8 35. Rxd8+ Kh7 36. Re1 h5 37. Rd5 g6 38. h4 Be7 39. Rf1 Kg8 40. Re5
Qd7 41. Rf3 Bc5 42. Rd5 Qe6 43. Rd8+ Kg7 44. e5 Qc4 45. Rd7 Kg8 46. Rf6 Qg4 47.
Rdxf7 Bg1+ 48. Kxg1 Qxg3 49. Rf8+ Kg7 50. R6f7+ Kh6 51. Rh8# 1-0

[Event "Guernsey Open 2013"]
[Site "Guernsey GCI"]
[Date "2013.10.26"]
[Round "7"]
[White "Hillarp Persson, Tiger"]
[Black "Maloberti, David"]
[Result "1-0"]
[WhiteElo "2557"]
[BlackElo "2059"]
[PlyCount "77"]
[EventDate "2013.10.20"]
[EventType "swiss"]
[EventRounds "7"]

1. d4 Nf6 2. c4 g6 3. Nc3 Bg7 4. e4 d6 5. Nge2 O-O 6. f3 c5 7. d5 e6 8. Ng3
exd5 9. cxd5 Bd7 10. Be2 a5 11. a4 Na6 12. O-O Nb4 13. Be3 Rc8 14. Qd2 Ne8 15.
Rac1 Qe7 16. Bc4 h5 17. Rfe1 Nf6 18. Nh1 Kh7 19. Nf2 Rfe8 20. g3 Ng8 21. Kg2
Nh6 22. Bb5 Bxb5 23. Nxb5 f6 24. Na3 Nf7 25. Nc4 Qc7 26. b3 Ne5 27. Qd1 Nxc4
28. bxc4 Qd7 29. Nh3 g5 30. Nf2 Kg6 31. f4 Rh8 32. Qb3 Qe7 33. Qb1 Kf7 34. e5
dxe5 35. fxe5 fxe5 36. Ne4 Bh6 37. Rf1+ Ke8 38. Rf6 Kd8 39. Rxh6 1-0

[Event "Guernsey Open 2013"]
[Site "Guernsey GCI"]
[Date "2013.10.26"]
[Round "7"]
[White "Hamperl, Fred A"]
[Black "Colin, Vincent"]
[Result "0-1"]
[WhiteElo "2129"]
[BlackElo "2412"]
[PlyCount "78"]
[EventDate "2013.10.20"]
[EventType "swiss"]
[EventRounds "7"]

1. e4 g6 2. d4 c6 3. f4 Bg7 4. Nf3 d6 5. c4 Bg4 6. Be2 Qb6 7. e5 Nh6 8. Qb3
Qxb3 9. axb3 Bxf3 10. Bxf3 Nf5 11. d5 dxe5 12. Nc3 Nd4 13. O-O Nxb3 14. Ra3
Nxc1 15. Rxc1 exf4 16. Rb3 O-O 17. Rxb7 Bxc3 18. Rxc3 cxd5 19. cxd5 a5 20. Rxe7
Ra6 21. Rc5 Rd8 22. Rcc7 Rf6 23. Be2 Kg7 24. Bc4 Rdd6 25. Ra7 f3 26. gxf3 Rxf3
27. Rxa5 Nd7 28. Ra7 Nb6 29. b3 Nxd5 30. Reb7 Rf5 31. b4 Rdf6 32. Ra3 Re5 33.
Bxd5 Rxd5 34. Rb3 Rd2 35. b5 Rff2 36. Re7 Rg2+ 37. Kh1 Rxh2+ 38. Kg1 Rdg2+ 39.
Kf1 Rb2 0-1

[Event "Guernsey Open 2013"]
[Site "Guernsey GCI"]
[Date "2013.10.26"]
[Round "7"]
[White "Wismayer, Clive R"]
[Black "Jackson, Oliver"]
[Result "1-0"]
[WhiteElo "2110"]
[BlackElo "2157"]
[PlyCount "87"]
[EventDate "2013.10.20"]
[EventType "swiss"]
[EventRounds "7"]

1. e4 c5 2. Nf3 e6 3. d3 Nc6 4. g3 g6 5. Bg2 Bg7 6. O-O d6 7. Re1 Nge7 8. c3
O-O 9. d4 cxd4 10. cxd4 Qb6 11. d5 Ne5 12. Nxe5 Bxe5 13. Nc3 Bd7 14. Qb3 Qxb3
15. axb3 Rfc8 16. Bd2 exd5 17. exd5 Nf5 18. f4 Bg7 19. Bf3 h5 20. Kf2 b5 21.
Rec1 Nd4 22. Bd1 Re8 23. Ra6 Nf5 24. Rca1 Bd4+ 25. Kg2 b4 26. Na2 Rab8 27. Nxb4
Rxb4 28. Bxb4 Ne3+ 29. Kh1 Nxd1 30. Rxd1 Be3 31. Re1 Bf5 32. h4 Be4+ 33. Kh2
Bb6 34. Bxd6 f5 35. b4 Rd8 36. Bc5 Rxd5 37. Bxb6 Rd2+ 38. Kg1 axb6 39. Rxb6
Rg2+ 40. Kf1 Rxg3 41. Rc1 Kg7 42. Rc7+ Kh6 43. Rb8 g5 44. Rb6+ 1-0

[Event "Guernsey Open 2013"]
[Site "Guernsey GCI"]
[Date "2013.10.26"]
[Round "7"]
[White "Dilleigh, Steve"]
[Black "Schmitz, Andreas Arnold"]
[Result "1/2-1/2"]
[WhiteElo "2135"]
[BlackElo "2049"]
[PlyCount "108"]
[EventDate "2013.10.20"]
[EventType "swiss"]
[EventRounds "7"]

1. d4 d5 2. c4 dxc4 3. e3 e5 4. Bxc4 exd4 5. exd4 Nf6 6. Nf3 Be7 7. O-O O-O 8.
Nc3 Bg4 9. h3 Bxf3 10. Qxf3 Nc6 11. d5 Ne5 12. Qe2 Nxc4 13. Qxc4 Bd6 14. Bg5 h6
15. Bxf6 Qxf6 16. Ne4 Qxb2 17. Nxd6 cxd6 18. Rab1 b5 19. Rxb2 bxc4 20. Rc1 Rfc8
21. Rbc2 Rc5 22. Rxc4 Rxd5 23. Rc8+ Rxc8 24. Rxc8+ Kh7 25. Rc7 Ra5 26. Rxf7
Rxa2 27. Rd7 Ra6 28. f4 Kg6 29. g4 Kf6 30. f5 h5 31. gxh5 Kxf5 32. Rxg7 d5 33.
Kf2 d4 34. Ke2 Ra3 35. Rd7 Ke4 36. Re7+ Kd5 37. h6 a5 38. Ra7 Rxh3 39. Rxa5+
Ke4 40. Ra6 Rh2+ 41. Kd1 Ke3 42. Re6+ Kd3 43. Kc1 Rh1+ 44. Kb2 Kd2 45. Rg6 Rh3
46. Rg2+ Ke3 47. Rg6 Rh2+ 48. Kb3 d3 49. Kc3 Rc2+ 50. Kb3 Rc7 51. Rg3+ Ke2 52.
Rg2+ Kf3 53. Rh2 Rh7 54. Kc3 Kg4 1/2-1/2

[Event "Guernsey Open 2013"]
[Site "Guernsey GCI"]
[Date "2013.10.26"]
[Round "7"]
[White "Fruteau, Sabine"]
[Black "Minnican, Alan"]
[Result "1/2-1/2"]
[WhiteElo "2067"]
[BlackElo "2135"]
[PlyCount "74"]
[EventDate "2013.10.20"]
[EventType "swiss"]
[EventRounds "7"]

1. e4 g6 2. d4 Bg7 3. Nf3 c6 4. c4 d5 5. cxd5 cxd5 6. exd5 Nf6 7. Bb5+ Nbd7 8.
Nc3 O-O 9. d6 exd6 10. O-O Nb6 11. d5 a6 12. Be2 Bg4 13. Be3 Rc8 14. Bd4 Re8
15. Re1 Nbd7 16. Qb3 Qc7 17. h3 Bxf3 18. Bxf3 b5 19. Qa3 Qc4 20. Bxf6 b4 21.
Qa4 Rxe1+ 22. Rxe1 Nxf6 23. Ne2 Qb5 24. Qxb5 axb5 25. Nd4 Rc5 26. Nc6 Rc2 27.
Re2 Rxe2 28. Bxe2 Nxd5 29. Bxb5 Bxb2 30. Bc4 Nb6 31. Bb3 Bc3 32. Kf1 Kg7 33.
Ke2 f5 34. Kd3 Be1 35. Ke2 Bc3 36. Kd3 Be1 37. Ke2 Bc3 1/2-1/2

[Event "Guernsey Open 2013"]
[Site "Guernsey GCI"]
[Date "2013.10.26"]
[Round "7"]
[White "Heppell, Ian N"]
[Black "Klein, Gernot"]
[Result "1/2-1/2"]
[WhiteElo "2106"]
[BlackElo "1942"]
[PlyCount "102"]
[EventDate "2013.10.20"]
[EventType "swiss"]
[EventRounds "7"]

1. e4 c5 2. Nf3 e6 3. c3 d5 4. exd5 Qxd5 5. d4 Nf6 6. Bd3 Nc6 7. O-O Be7 8. Be3
O-O 9. c4 Qd8 10. dxc5 Ng4 11. Qe2 Nxe3 12. Qxe3 Nb4 13. Rd1 Nxd3 14. Rxd3 Qc7
15. Nc3 Qxc5 16. Qxc5 Bxc5 17. Rad1 f6 18. Ne4 Be7 19. Nd6 b6 20. Nxc8 Raxc8
21. Rd7 Rfd8 22. Rxd8+ Rxd8 23. Rxd8+ Bxd8 24. Nd4 a5 25. Nxe6 Be7 26. Kf1 Kf7
27. Nc7 Bc5 28. Ke2 Ke7 29. f4 g5 30. Kf3 gxf4 31. Nd5+ Ke6 32. Nxf4+ Ke5 33.
Ne2 h6 34. g4 f5 35. h3 fxg4+ 36. hxg4 Be7 37. Ke3 Bc5+ 38. Kd3 Be7 39. Ke3
Bc5+ 40. Kf3 Be7 41. Ng3 Bg5 42. Nf5 Bc1 43. b3 Bg5 44. a3 h5 45. b4 a4 46. c5
bxc5 47. bxc5 hxg4+ 48. Kxg4 Bd8 49. Nd6 Kd5 50. Kf5 Ba5 51. Ne4 Bc7 1/2-1/2

[Event "Guernsey Open 2013"]
[Site "Guernsey GCI"]
[Date "2013.10.26"]
[Round "7"]
[White "Wager, John"]
[Black "Spanton, Timothy"]
[Result "1-0"]
[WhiteElo "2105"]
[BlackElo "2030"]
[PlyCount "62"]
[EventDate "2013.10.20"]
[EventType "swiss"]
[EventRounds "7"]

1. d4 e6 2. Nf3 c5 3. c3 d5 4. e3 Nf6 5. Nbd2 Be7 6. Bd3 Bd7 7. Ne5 Qb6 8. O-O
cxd4 9. Nxd7 Nbxd7 10. exd4 O-O 11. Qe2 Rfe8 12. f4 Bd6 13. Kh1 Qc7 14. g3 a6
15. Nf3 b5 16. Bd2 Qb7 17. Rae1 Nb6 18. a3 Nc4 19. Bc1 a5 20. Ne5 Rac8 21. Rf3
b4 22. axb4 axb4 23. g4 bxc3 24. bxc3 Qb3 25. g5 Nh5 26. Rh3 g6 27. Bc2 Qb7 28.
Rxh5 Bxe5 29. fxe5 gxh5 30. Qxh5 f5 31. gxf6 Kh8 1-0